Sociología de las organizaciones públicas (Registro nro. 3224)
[ vista simple ]
| 000 -LEADER | |
|---|---|
| fixed length control field | 02041 a2200289 4500 |
| 001 - CONTROL NUMBER | |
| control field | 40459 |
| 005 - DATE AND TIME OF LATEST TRANSACTION | |
| control field | 20260407155658.0 |
| 008 - FIXED-LENGTH DATA ELEMENTS--GENERAL INFORMATION | |
| fixed length control field | 260407a2015 arg spa d |
| 003 - CONTROL NUMBER IDENTIFIER | |
| control field | AR-UNSa-BCEJYS |
| 040 ## - CATALOGING SOURCE | |
| Original cataloging agency | AR-UNSa-BCEJYS |
| Language of cataloging | spa |
| Transcribing agency | AR-UNSa-BCEJYS |
| 080 ## - UNIVERSAL DECIMAL CLASSIFICATION NUMBER | |
| Universal Decimal Classification number | 351 |
| Common auxiliary subdivision | Funciones propias de la administración pública <br/> |
| 020 ## - INTERNATIONAL STANDARD BOOK NUMBER | |
| International Standard Book Number | 978-987-01-1774-2 |
| 041 ## - LANGUAGE CODE | |
| Language code of text/sound track or separate title | spa |
| 100 1# - MAIN ENTRY--PERSONAL NAME | |
| Personal name | Krieger, Mario José |
| 245 10 - TITLE STATEMENT | |
| Title | Sociología de las organizaciones públicas |
| Name of part/section of a work | un análisis del comportamiento organizacional del estado y la administración pública |
| 264 #1 - PRODUCTION, PUBLICATION, DISTRIBUTION, MANUFACTURE, AND COPYRIGHT NOTICE | |
| Place of production, publication, distribution, manufacture | Buenos Aires : |
| Name of producer, publisher, distributor, manufacturer | Errepar |
| Date of production, publication, distribution, manufacture, or copyright notice | 2015 |
| 300 ## - PHYSICAL DESCRIPTION | |
| Extent | xxxvii, 593 p. |
| Dimensions | 27 cm. |
| 505 ## - FORMATTED CONTENTS NOTE | |
| Formatted contents note | 1. Estado y sociedad, evolución y nuevas perspectivas - 2. La modernización y reforma del estado y la administración pública - 3. Las reformas del estado y la administración pública en Argentina - 4. Condiciones sociológicas para el desarrollo de reformas en la gestión pública: algunas hipótesis - 5. Politicas públicas y gestión pública para satisfacción de la población - 6. El control institucional y social de la gestión pública - 7. Las teorías y paradigmas aplicables a la administración pública (primera parte - la modernidad) - 8. La gestión pública pormoderna. El paradigma constructivo y las teorías discursivas del organizar - 9. El estado y las instituciones - 10. Motivación de las personas en las organizaciones públicas - 11. Los grupos y los equipos en las organizaciones públicas - 12. Las organizaciones públicas en su relación social - 13. Poder y liderazgo en las organizaciones públicas - 14. Cultura organizacional pública - 15. Conflicto y cambio en las organizaciones públicas - |
| 590 ## - LOCAL NOTE (RLIN) | |
| Local note | niveau_biblio:m niveau_hierar:0 |
| 700 1# - ADDED ENTRY--PERSONAL NAME | |
| Personal name | Bonifacio, José Alberto |
| 700 1# - ADDED ENTRY--PERSONAL NAME | |
| Personal name | Herrera, Juan Carlos |
| 700 1# - ADDED ENTRY--PERSONAL NAME | |
| Personal name | Moreno, María Estela |
| 700 1# - ADDED ENTRY--PERSONAL NAME | |
| Personal name | Schmukler, Ricardo |
| 700 1# - ADDED ENTRY--PERSONAL NAME | |
| Personal name | Varela, Cristián |
| 856 41 - ELECTRONIC LOCATION AND ACCESS | |
| Uniform Resource Identifier | <a href="https://biblioeco.unsa.edu.ar/pmb/images/libros/L125888.jpg">https://biblioeco.unsa.edu.ar/pmb/images/libros/L125888.jpg</a> |
| Link text | Imagen de portada |
| Electronic format type | image/jpeg |
| 942 ## - ADDED ENTRY ELEMENTS (KOHA) | |
| Koha item type | |
| Withdrawn status | Lost status | Damaged status | Not for loan | Home library | Current library | Shelving location | Date acquired | Total checkouts | Full call number | Barcode | Date last seen | Price effective from | Koha item type |
|---|---|---|---|---|---|---|---|---|---|---|---|---|---|
| Biblioteca Prof. Eusebio Cleto del Rey | Biblioteca Prof. Eusebio Cleto del Rey | 07/04/2026 | 351 K89 | L125888 | 07/04/2026 | 07/04/2026 | Libro | ||||||
| Biblioteca Prof. Eusebio Cleto del Rey | Biblioteca Prof. Eusebio Cleto del Rey | 07/04/2026 | 351 K89 | L125889 | 07/04/2026 | 07/04/2026 | Libro | ||||||
| Biblioteca Prof. Eusebio Cleto del Rey | Biblioteca Prof. Eusebio Cleto del Rey | 07/04/2026 | 351 K89 | L125890 | 07/04/2026 | 07/04/2026 | Libro | ||||||
| Biblioteca Prof. Eusebio Cleto del Rey | Biblioteca Prof. Eusebio Cleto del Rey | 07/04/2026 | 351 K89 | L125891 | 07/04/2026 | 07/04/2026 | Libro | ||||||
| Biblioteca Prof. Eusebio Cleto del Rey | Biblioteca Prof. Eusebio Cleto del Rey | 07/04/2026 | 351 K89 | L125892 | 07/04/2026 | 07/04/2026 | Libro |